Kvóty pre ženy vo funkciách: absurdita či rovnoprávnosť?

Európska komisia odložila hlasovanie o plánovaných kvótach pre ženy v predstavenstvách podnikov kótovaných na burze. Viaceré krajiny uviedli, že ich zavedenie zablokujú.

Uložené v:
Podrobná bibliografia
Hlavný autor: Rogalska, Karin
Médium: Kapitola
Jazyk:Slovak
Predmet:
Tagy: Pridať tag
Žiadne tagy, Buďte prvý, kto otaguje tento záznam!

MARC

LEADER 00000naa a2200000 4500
001 0162475
005 20231011123041.5
041 0 |a slo 
044 |a SK 
245 1 0 |a Kvóty pre ženy vo funkciách: absurdita či rovnoprávnosť?  |c Karin Rogalska 
520 |a Európska komisia odložila hlasovanie o plánovaných kvótach pre ženy v predstavenstvách podnikov kótovaných na burze. Viaceré krajiny uviedli, že ich zavedenie zablokujú. 
610 2 0 |a riadenie vrcholové 
610 2 0 |a rovnosť rodová 
610 2 0 |a Európska únia 
100 1 |a Rogalska, Karin